00756nam a2200205Ia 4500003000900000008004100009040001600050080002300066245012800089260003900217300001400256650004100270650003100311650002500342650001800367700004000385942000700425999001500432952010300447IN-BaIIA211028s9999 xx 000 0 eng d cIIA Library a047.1:533.9bREV-3 0aReviews of plasma physicsbvol. 3, translated from Russian by Herbert Lashinskycedited by Mikhail Alexandrovich Leontovich aNew YorkbConsultants Bureauc1965 aix, 325p. aAstronomy and Astrophysics Thesaurus aMagnetohydrodynamics91666 aPlasma physics93732 aPlasmas91898 aLeontovich, Acad. M. A., ed.910609 cBK c6136d6136 00104070aBANbBANcGENd1979-02-16l0o047.1:533.9/ REV-3p6848r2021-11-05w1979-02-16yBK 35